000 00605nam a22002177a 4500
003 UA-OsUOA
001 65993
007 ta
008 20091215b un ||||| |||| 00| 0 ukr d
100 _aСафаров А.Ш.
090 _a101
_bС21
942 _cSA
040 _aUA-OsUOA
_brus
_cUA-OsUOA
_dUA-OsUOA
245 _aНаучно-философское наследие Ибн Сины
300 _aС.66-67
955 _a0
041 _arus
080 _a101
773 0 _w65988
_tВопросы гуманитарных наук
_dМ.
_d2009
_g3
650 7 _a1 Філософські науки
_2UDC
999 _c351772
_d351772